000
00279nam a2200121Ia 4500
005
20251222144900.0
008
251222s9999||||xx |||||||||||||| ||spa||
082
_a
882.1/E91/1964
100
_a
Esquilo
245
0
_a
Thyatre Complet
264
_b
Garnier-Flammarion
942
_c
LIB
999
_c
21964
_d
21964